000 00494 a2200157 4500
999 _c321342
_d321342
001 86269
003 NUST
005 20180122103520.0
008 180122b xxu||||| |||| 00| 0 eng d
020 _a9694321921
082 _a342.0230917671 HAM
100 _aMuhammad Hamidullah
_99461
245 _aThe First Written Constitution in the World : An Important Document of the time of the Holy Prophet
_cMuhammad Hamidullah
_hEnglish
250 _a3rd
260 _aLahore
_bSh. Muhammad Ashraf
_c2011
300 _a60p.
500 _aGeneral Collection
942 _aCAE NUST
_cBK
_k342.0230917671 HAM
_2ddc